000 01002nam a2200313 i 4500
001 12190
003 KOSZ 005
005 20201215125353.0
008 070822s1969 pl a f f 000 0 pol
015 _aPB 1969/1033
040 _aWA N
_cWA N
_dKOSZ 005/RW
_dKOSZ 005/HR
046 _k1969
080 _a657
080 _a(07)
100 1 _aSkrzywan, Stanisław
_d(1902-1971)
_eAutor
245 1 0 _aTeoretyczne podstawy rachunkowości /
_cStanisław Skrzywan.
250 _aWyd. 2.
260 _aWarszawa :
_bPaństwowe Wydawnictwo Ekonomiczne,
_c1969.
300 _a295, [1] s. :
_bil. ;
_c25 cm.
380 _aKsiążki.
388 _a1901-2000
500 _aDruk z płyt.
658 _aGospodarka, ekonomia, finanse
650 4 _aRachunkowość
655 4 _aPodręcznik
710 2 _aPaństwowe Wydawnictwo Ekonomiczne
_4pbl.
856 _uhttp://koha.tu.koszalin.pl/cgi-bin/koha/opac-detail.pl?biblionumber=12190
_yKatalog online BPK
942 _2UKD
_cKS
999 _c12190
_d12190